| 000 | 01313nam a22002777a 4500 | ||
|---|---|---|---|
| 005 | 20170324142518.0 | ||
| 008 | 140714b xxu||||| |||| 00| 0 Urdu d | ||
| 010 | _aUR-8539 B-548307 B-665946 | ||
| 020 |
_c250.00 _a9789381029375 |
||
| 035 | _aU-7094 B-548307 B-665946 | ||
| 037 | _bBPPD/Publishers/Venders | ||
| 037 | _bDBAD/Pub. | ||
| 037 | _bStar Pub.(Ven.)/Arshia Pub.(Pub.) | ||
| 040 |
_aDPL _bUrdu |
||
| 082 | _a848.88 | ||
| 100 | _aمر تب و نا صر :ضفر ا حمد صد يقی | ||
| 245 |
_aمقا لا ت نظير _cمر تب و نا صر :ضفر ا حمد صد يقی |
||
| 246 |
_aMaqalat-e- Nazir(Research Articles) _bEdited by :Zafar Ahmed Siddiqui |
||
| 260 |
_bArshia Publictions _bStar Publications.( Vender) _c2012 |
||
| 260 | _a4/5Asaf Ali Road,New Delhi-110002 | ||
| 270 |
_aA-170,Ground Floor, 3,Surya Apartment, Dilshad Colony, _b دھلی _e110095 _k9971775969 |
||
| 300 |
_a315ص _c22Cm(Pb) |
||
| 942 |
_2ddc _cUR _mظ ف ر _h848.88 |
||
| 999 |
_c87817 _d87817 |
||